| 000 | 00348pab a2200145 454500 | ||
|---|---|---|---|
| 008 | 180718b2000 xxu||||| |||| 00| 0 eng d | ||
| 245 | _aSPECIAL issue: globalization and trade | ||
| 260 | _c2000 | ||
| 300 | _ap.1-205 | ||
| 362 | _aDec | ||
| 650 | _aTrade | ||
| 650 | _aGlobalization | ||
| 773 | _aJournal of Development Studies | ||
| 909 | _a47714 | ||
| 999 |
_c47714 _d47714 |
||